000
00306pam a2200121a 44500
008
230405s2021 xxu||||| |||| 00| 0 eng d
041
_a
ENG
100
_a
Target Pub.
245
_a
Perfect Chemistry Vol-II Std-XII Science
260
_a
Mumbai
_b
Target Publication
_c
2021
300
_a
298
906
_a
19221
999
_c
309719
_d
309719